| 000 | 00423 a2200121 4500 | ||
|---|---|---|---|
| 001 | ART_42442 | ||
| 005 | 20260410161842.0 | ||
| 008 | 260409a | ||
| 245 | 1 | 0 | _aFuncionarios con potestad disciplinaria militar. Principio. Variables posibles. Delegación. Prórroga |
| 100 | 1 | _aTorres, Ismael F. | |
| 700 | 1 | _aFuria de Torres, Lilian Alicia G. | |
| 773 | 0 |
_tRAP _g- Año 39, Nº 463 (abr. 2017) _wREV5941 |
|
| 999 |
_c24217 _d24217 |
||